Prevention and treatment of sports injuries/ (Record no. 165601)

000 -LEADER
fixed length control field 00349nam a22001331a 4500
082 ## - DEWEY DECIMAL CLASSIFICATION NUMBER
Classification number 617.713 05
Item number ANJ/P
100 ## - MAIN ENTRY--PERSONAL NAME
Personal name Anju Ambast
245 ## - TITLE STATEMENT
Title Prevention and treatment of sports injuries/
Statement of responsibility, etc. by Anju Ambast.
260 ## - PUBLICATION, DISTRIBUTION, ETC.
Place of publication, distribution, etc. New Delhi:
Name of publisher, distributor, etc. Khel Sahitya kendra,
Date of publication, distribution, etc. 2005.
300 ## - PHYSICAL DESCRIPTION
Extent 81p.
650 ## - SUBJECT ADDED ENTRY--TOPICAL TERM
Topical term or geographic name entry element Sports Injuries
650 ## - SUBJECT ADDED ENTRY--TOPICAL TERM
Topical term or geographic name entry element Disease
942 ## - ADDED ENTRY ELEMENTS (KOHA)
Koha item type Book
Holdings
Withdrawn status Lost status Damaged status Not for loan Permanent Location Current Location Shelving location Date acquired Cost, normal purchase price Total Checkouts Full call number Barcode Date last seen Price effective from Koha item type
        RC Thiruvananthapuram RC Thiruvananthapuram   03.11.2018 200.00   617.713 05 ANJ/P TV018179 03.11.2018 03.11.2018 Book